| 000 | 01808nam a22003377a 4500 | ||
|---|---|---|---|
| 003 | OSt | ||
| 005 | 20260420141900.0 | ||
| 008 | 260420t2005 xxu||||| |||| 00| 0 spa d | ||
| 020 | _a9806574346 | ||
| 020 | _a8821427145 | ||
| 040 |
_aUnicoc _bspa _c00001 _d00001 |
||
| 082 | _a617.643 | ||
| 100 |
_913020 _aTesta, Mauro |
||
| 245 |
_aTécnicas ortodónticas _b: Guía para la construcción y utilización de dispositivos terapéuticos _c/ Mauro Testa, Ugo Comparelli, Georges Kratzenberg |
||
| 250 | _a1 Ed. | ||
| 260 |
_aVenezuela : _bAmolca , _c2005 |
||
| 300 |
_a117 páginas _bIlustraciones, diagramas, tablas, gráficas |
||
| 505 |
_tCapítulo 1. Normoclusión y clasificación de las maloclusiones dentarias. -- _tCapítulo 2. Sistemas retentivos. -- _tCapítulo 3. Los aparatos ortodónticos mecánicos removibles. -- _tCapítulo 4. Dispositivos terapéuticos para las alteraciones temporomandibulares y neuromusculares. -- _tCapítulo 5. Los dispositivos ortopédicos-funcionales. -- _tCapítulo 6. La terapia miofuncional y los dispositivos ortodónticos coadyuvantes. -- _tCapítulo 7. Los dispositivos ortodónticos fijos. -- |
||
| 526 | _5Unicoc | ||
| 546 | _aEspañol | ||
| 650 | 0 |
_9258 _aPrótesis dental |
|
| 650 | 0 |
_9178 _aAparatos ortodóncicos |
|
| 650 | 0 |
_98446 _aDiseño de aparatos de Ortodoncia |
|
| 650 | 0 |
_913026 _aMétodos de anclaje en ortodoncia |
|
| 650 | 0 |
_913025 _aRetención ortodóntica |
|
| 658 | 0 |
_911722 _aEspecialización en Ortodoncia y Ortopedia Maxilar |
|
| 700 |
_913021 _aComparelli, Ugo |
||
| 700 |
_913022 _aKratzenberg, Georges |
||
| 856 |
_yAcceso online exclusivo para comunidad Unicoc. _uhttps://unicoceduco-my.sharepoint.com/:b:/g/personal/direccionbiblioteca_unicoc_edu_co/IQDFMwikwf1XTajLsZda1hXaAVgpWlqBsSPybi-FS5e9c5s |
||
| 942 |
_2ddc _cEBOOK |
||
| 999 |
_c10872 _d10872 |
||